Global Shift / Maping the Changing Contours of the World Economy (Record no. 3169)
[ view plain ]
| 000 -LEADER | |
|---|---|
| fixed length control field | 01576cam a22002054a 4500 |
| 005 - ΗΜΕΡΟΜΗΝΙΑ ΚΑΙ ΩΡΑ ΤΕΛΕΥΤΑΙΑΣ ΕΝΗΜΕΡΩΣΗΣ | |
| Πεδίο ελέγχου | 20250605164107.0 |
| 008 - FIXED-LENGTH DATA ELEMENTS--GENERAL INFORMATION | |
| Πεδίο ελέγχου σταθερού μήκους | 250528s ||||||||||||||||||||||||d |
| 035 ## - SYSTEM CONTROL NUMBER | |
| System control number | 17769 |
| 020 ## - ISBN | |
| ISBN | 9781446282106 |
| 040 ## - ΠΗΓΗ ΚΑΤΑΛΟΓΟΓΡΑΦΗΣΗΣ | |
| Φορέας πρωτότυπης καταλογογράφησης | MC Athens Campus Library |
| Γλώσσα καταλογογράφησης | Ελληνικά, Μοντέρνα (1453-) |
| Modifying agency | MC Athens Campus Library |
| Κανόνες περιγραφικής καταλογογράφησης | AACR2 |
| 245 1# - ΤΙΤΛΟΣ ΚΑΙ ΔΗΛΩΣΗ ΥΠΕΥΘΥΝΟΤΗΤΑΣ | |
| Τίτλος | Global Shift / Maping the Changing Contours of the World Economy |
| 250 ## - EDITION STATEMENT | |
| Edition statement | 7th |
| 260 ## - PUBLICATION, DISTRIBUTION, ETC. | |
| Name of publisher, distributor, etc. | Sage, |
| Date of publication, distribution, etc. | 2015 |
| 300 ## - PHYSICAL DESCRIPTION | |
| Extent | 618 |
| 520 ## - SUMMARY, ETC. | |
| Summary, etc. | The definitive work on economic globalization. The extensive use of graphics, lack of jargon, and clear definition of terms, has made it the standard work for the social sciences. Preface, What is the World Is Going On?, The Changing Contours of the Global Economy, The Centre of Gravity Shifts: Transforming the Geographies of the Global Economy, Processes of Global Shift, Tangled Webs: Unravelling Complexity in the Global Economy, Technological Change: ''Gales of Creative Destruction'', Transnational Corporations: The Primary ''Movers and Shapers'' of the Global Economy, The State Really Does Matter, Winning and Losing in the Global Economy, The Uneasy Relationship Between Transnational Corporations and States: Dynamics of Conflict and Collaboration, ''Capturing Value'' Within Global Production Networks, Destroying Value? Environmental Impacts of Global Production Networks, Winning and Losing: Where You Live Really Matters, Making the World a Better Place, The Picture in Different Sectors, ''Wheels of Change'': The Automobile Industry, Bibliography, Index. |
| 700 1# - ΠΡΟΣΘΕΤΗ ΑΝΑΓΡΑΦΗ--ΦΥΣΙΚΟ ΠΡΟΣΩΠΟ | |
| Personal name | Dicken Peter |
| 9 (RLIN) | 3355 |
| 942 ## - ADDED ENTRY ELEMENTS (KOHA) | |
| Koha item type | Books |
| Τύπος τεκμηρίου | Βιβλιοθήκη | Τρέχουσα τοποθεσία | Barcode | Αριθμός εισαγωγής | Ημερομηνία απόκτησης | Ταξιθετικό σύμβολο | Αριθμός αντιτύπου | Κατάσταση απόσυρσης | Κατάσταση χαμένου | Κατάσταση κατεστραμμένου | Μη δανεισμός | Σύνολο δανεισμών | Ημερομηνία τελευταίας εμφάνισης | Η τιμή ισχύει από |
|---|---|---|---|---|---|---|---|---|---|---|---|---|---|---|
| Books | MC Athens Campus Library | MC Athens Campus Library | 9780000031686 | 7147 | 05/06/2025 | 338.0904 DIC | 1 | 05/06/2025 | 05/06/2025 |